Тест на общие знания №28 - Statistics

General Stats
  • This quiz has been taken 57 times
  • The average score is 8 of 20
Answer Stats
Вопрос Ответ % Correct
Какие прямые никогда не пересекаются? параллельные
98%
Какие плоды даёт дуб? жёлуди
88%
В каком городе находятся Бранденбургские ворота? Берлин
60%
Общее число точек на шестигранном кубике? 21
55%
Во что вы играете, если вы получили торт из 3 единиц пшеницы, 3 единиц молока, 2 единиц сахара и одного яйца? "Minecraft"
55%
О каком растении идёт речь в шутке: "Её называют чёрной, но сейчас она белая, потому что ещё зелёная"? смородина
52%
Какая часть пространства настолько плотная, что даже свет не может преодолеть его гравитационную силу? чёрная дыра
43%
Какой японский аниме-режиссёр дважды стал лауреатом премии "Оскар" в номинации лучший анимационный фильм"? Хаяо Миядзаки
40%
Какому веществу можно присвоить октановое число? бензин
36%
На какой улице работали Джордан Белфорт и Патрик Бейтман? Уолл-стрит
31%
Какая древнегреческая богиня родилась буквально из головы Зевса? Афина
31%
Что в неподходящее время может сделать человек, страдающий нарколепсией? заснуть
29%
Назовите итальянский вариант имени Павел Паоло
26%
К какому типу величин относятся масса, время и температура? скалярные
26%
Что означает этот символ ¶? конец абзаца
26%
На каком языке говорят в Мьянме? бирманский
24%
Как называются роды у овец или коз? окот
24%
В каком городе находится самый длинный метромост в мире? Новосибирск
12%
Кого сыграли Робин Уильямс в 1992-м и Уилл Смит в 2019-м годах? Джинн
7%
Инструментальная версия гимна какой страны напоминает песенку "В лесу родилась ёлочка"? Федеративные Штаты Микронезии
7%
No matching quizzes found
Score Distribution
Percent of People with Each Score
Percentile by Number Answered
Your Score History
You have not taken this quiz